00515nam a2200193 a 4500001001300000003000900013005001700022008004100039020001200080082001500092100003000107245004000137260003800177300000900215500003500224505001000259650002200269700003000291nice12345678IN_TiNIC20260116011333.0050524s1954 lona grp 000 0 eng  ac579.600a269.2bLAT aLatourette Scott, Kenneth aChristian World Mission in Our Day. aLondonbEyre & Spottiswoodec1954 a190p aincludes index and biblioraphy2 aIndex aEvangelistic Work1 aLatourette Scott, Kenneth